LEADER 05995nam 22008175 450 001 9910483730203321 005 20251226195547.0 010 $a3-319-09955-8 024 7 $a10.1007/978-3-319-09955-2 035 $a(CKB)3710000000228637 035 $a(SSID)ssj0001354105 035 $a(PQKBManifestationID)11758988 035 $a(PQKBTitleCode)TC0001354105 035 $a(PQKBWorkID)11322613 035 $a(PQKB)10196193 035 $a(DE-He213)978-3-319-09955-2 035 $a(MiAaPQ)EBC6301050 035 $a(MiAaPQ)EBC5587475 035 $a(Au-PeEL)EBL5587475 035 $a(OCoLC)890795432 035 $a(PPN)181351536 035 $a(EXLCZ)993710000000228637 100 $a20140903d2014 u| 0 101 0 $aeng 135 $aurnn|008mamaa 181 $ctxt 182 $cc 183 $acr 200 10$aDiscrete Geometry for Computer Imagery $e18th IAPR International Conference, DGCI 2014, Siena, Italy, September 10-12, 2014. Proceedings /$fedited by Elena Barcucci, Andrea Frosini, Simone Rinaldi 205 $a1st ed. 2014. 210 1$aCham :$cSpringer International Publishing :$cImprint: Springer,$d2014. 215 $a1 online resource (XII, 423 p. 205 illus.) 225 1 $aImage Processing, Computer Vision, Pattern Recognition, and Graphics,$x3004-9954 ;$v8668 300 $aBibliographic Level Mode of Issuance: Monograph 311 08$a3-319-09954-X 327 $aModels for Discrete Geometry -- Facet Connectedness of Discrete Hyperplanes with Zero Intercept: the General Case -- About the Maximum Cardinality of the Digital Cover of a Curve with a Given Length -- Binary pictures with excluded patterns -- Discrete and Combinatorial Topology -- 2D Topological Map Isomorphism for Multi-Label Simple Transformation Definition.-Isthmus-based Parallel and Asymmetric 3D Thinning Scheme and Algorithms -- Completions and simple homotopy -- Geometric Transforms -- 2D Subquadratic Separable Distance Transformation for Path-Based Norms -- Anti-Aliased Euclidean Distance Transform on 3D Sampling Lattices -- Efficient neighbourhood computing for discrete rigid transformation graph Search -- The Minimum Barrier Distance ? Stability to seed point position -- Discrete Shape Representation, Recognition and Analysis -- Efficient computation of the outer hull of a discrete path -- Voronoi-based geometry estimator for 3D digital surfaces -- Convex Hull of Digital Straight Segments -- Parameter-free and Multigrid Convergent Digital Curvature Estimators -- Freeman digitization and tangent word based estimators -- Determination of Length and Width of a Line-segment by using a Hough Transform -- Stable shape comparison of surfaces via Reeb graphs -- About multigrid convergence of some length estimators -- Discrete Tomography -- Non-additive bounded sets of uniqueness in Zn -- Back-Projection Filtration Inversion of Discrete Projections -- Discrete Tomography Reconstruction Algorithms for Images with a Blocking Component -- 2An Entropic Perturbation Approach to TV-Minimization for Limited-Data Tomography -- Fourier inversion of the Mojette transform -- Uniqueness regions under sets of generic projections in discrete tomography -- Adaptive refinement for discrete tomography -- Morphological Analysis -- Exact Evaluation of Stochastic Watersheds: From Trees to General Graphs -- On making nD images well-composed by a self-dual local interpolation -- Discrete Modelling and Visualization.-Implicit Digital Surfaces in Arbitrary Dimensions -- Algorithms for Fast Digital Straight Segments Union -- 29 Digital Geometry from a Geometric Algebra perspective -- Discrete and Combinatorial Tools for Image Segmentation and Analysis -- 39 Segmentation of 3D Articulated Components by Slice-based Vertex-weighted Reeb Graph -- Taylor Optimal Kernels for Derivative Estimation -- On Finding Spherical Geodesic Paths and Circles in Z3 -- 43 Discrete Curve Evolution on Arbitrary Triangulated 3D Mesh. 330 $aThis book constitutes the thoroughly refereed proceedings of the 18th International Conference on Discrete Geometry for Computer Imagery, DGCI 2014, held in Siena, Italy, September 2014. The 34 revised full papers presented were carefully selected from 60 submissions. The papers are organized in topical sections on Models for Discrete Geometry, Discrete and Combinatorial Topology, Geometric Transforms, Discrete Shape Representation, Recognition and Analysis, Discrete Tomography, Morphological Analysis, Discrete Modelling and Visualization, Discrete and Combinatorial Tools for Image Segmentation and Analysis. 410 0$aImage Processing, Computer Vision, Pattern Recognition, and Graphics,$x3004-9954 ;$v8668 606 $aComputer graphics 606 $aComputer vision 606 $aPattern recognition systems 606 $aComputer science$xMathematics 606 $aDiscrete mathematics 606 $aAlgorithms 606 $aComputer Graphics 606 $aComputer Vision 606 $aAutomated Pattern Recognition 606 $aDiscrete Mathematics in Computer Science 606 $aAlgorithms 615 0$aComputer graphics. 615 0$aComputer vision. 615 0$aPattern recognition systems. 615 0$aComputer science$xMathematics. 615 0$aDiscrete mathematics. 615 0$aAlgorithms. 615 14$aComputer Graphics. 615 24$aComputer Vision. 615 24$aAutomated Pattern Recognition. 615 24$aDiscrete Mathematics in Computer Science. 615 24$aAlgorithms. 676 $a621.367 702 $aBarcucci$b Elena$4edt$4http://id.loc.gov/vocabulary/relators/edt 702 $aFrosini$b Andrea$4edt$4http://id.loc.gov/vocabulary/relators/edt 702 $aRinaldi$b Simone$4edt$4http://id.loc.gov/vocabulary/relators/edt 801 0$bMiAaPQ 801 1$bMiAaPQ 801 2$bMiAaPQ 906 $aBOOK 912 $a9910483730203321 996 $aDiscrete Geometry for Computer Imagery$9772781 997 $aUNINA